000 00582nam a22001937a 4500
003 OSt
005 20260424053930.0
008 260424b |||||||| |||| 00| 0 eng d
020 _a971-92250-3-3.
040 _aDWCL Main Lib.
_cOC
082 _a303.6 V712c 2002
100 _a Villaflor, Francia L. MSSW
245 _aCasebook on domestic violence
_c Francia L. Villaflor MSSW
260 _aLegazpi:
_bBicol University
300 _a39 p. ;
_billustration
_c22 cm.
504 _aIncludes bibliography.
650 _aViolence - Domestic.
942 _2ddc
_cBK - FIL
_hFil.
_n0
999 _c9849
_d9849